|
|
|
|
| LEADER |
00573nam a22001457a 4500 |
| 020 |
|
|
|a 0-8039-4292-3
|
| 082 |
|
|
|a 519
|b GUM/Q
|
| 100 |
|
|
|a Evert Gummesson
|9 129976
|
| 245 |
|
|
|a Qualitative Methods In Management Research
|
| 260 |
|
|
|a New Delhi
|b Sage Publications
|c 1991
|
| 300 |
|
|
|a x+212p.
|
| 650 |
|
|
|a Management--Research
|a Participant observation
|a Action research
|a Industrial management--Research
|9 174915
|
| 942 |
|
|
|c BK
|
| 999 |
|
|
|c 190179
|d 190175
|
| 952 |
|
|
|0 0
|1 0
|4 0
|6 519_000000000000000_GUM_Q
|7 0
|8 G
|9 190763
|a SMBS
|b SMBS
|c GEN
|d 2015-08-07
|l 0
|o 519 GUM/Q
|p SMBSG88
|r 2015-08-07
|w 2015-08-07
|y BK
|